000 02197cam a2200289 4500500
005 20251228051633.0
041 _afre
042 _adc
100 1 0 _aNdimubandi, Alexis
_eauthor
245 0 0 _aAprès-guerre et violence d'ex-combattants au Burundi
260 _c2012.
500 _a71
520 _aRésuméBasé sur une analyse des récits de l’après-guerre au Burundi, cet article met en exergue une récurrence de la violence des ex-combattants. Il soutient que l’après-guerre ne va pas de pair avec le renoncement aux habitudes violentes d’autant plus que l’arrêt de la guerre est plus une décision politique qu’une réelle volonté de déposer les armes. L’article souligne aussi que la démobilisation découle plus de la désillusion et du désenchantement par rapport à la vie combattante et/ou à la carrière militaire que d’un véritable abandon de la violence. Il met en évidence que l’après-guerre est plus une façon de dire qu’une réelle manière de vivre.
520 _aThe post-war period and the violence of ex-combatants in BurundiBased on an analysis of post-war accounts in Burundi, this article highlights the recurrence of violence in ex-combatants. It maintains that the post-war period does not entail the renunciation of violent habits, particularly since the cessation of war is more a political decision than a real desire to lay down arms. The article also underlines the fact that demobilization arises more from disillusion and disenchantment in the fighting way of life and/or military career than from a true abandonment of violence. It highlights that the post-war period is more a way of speaking than a real way of living.
690 _aaprès-guerre
690 _adémobilisation
690 _aex-combattant
690 _alutte armée
690 _aviolence
690 _aarmed struggle
690 _ademobilization
690 _aex-combatant
690 _apost-war
690 _aviolence
786 0 _nCahiers de psychologie clinique | 39 | 2 | 2012-08-27 | p. 185-207 | 1370-074X
856 4 1 _uhttps://shs.cairn.info/revue-cahiers-de-psychologie-clinique-2012-2-page-185?lang=fr&redirect-ssocas=7080
999 _c1581975
_d1581975